[Event "CFriend AR-2003-F-00001 email"]
[Site "Chessfriend.com"]
[Date "2004.05.07"]
[Round "1"]
[White "Muharemagic, Asim"]
[Black "Umansky, Mikhail Markovich"]
[Result "0-1"]
[WhiteElo "2351"]
[BlackElo "2521"]
[PlyCount "110"]
[EventDate "2004.??.??"]
[EventType "tourn (corr)"]
[EventRounds "12"]
[SourceTitle "Corr 2008"]
[Source "ChessBase"]
[SourceDate "2008.06.24"]
[SourceVersion "1"]
[SourceVersionDate "2008.06.24"]
[SourceQuality "1"]

1. e4 g6 2. d4 Bg7 3. Nc3 d6 4. Bc4 Nf6 5. Nf3 0-0 6. Qe2 Bg4 7. Be3 Nc6 8. 0-0-0 e5 9. dxe5 Nxe5 10. h3 Nxc4 11. Qxc4 Be6 12. Qd3 Nd7 13. Kb1 Re8 14. Ng5 Ne5 15. Nxe6 Rxe6 16. Qe2 Nc6 17. Qc4 Qd7 18. f3 b5 19. Qd3 Rb8 20. h4 Ne5 21. Qe2 Nc4 22. Bd4 Bxd4 23. Rxd4 Qd8 24. Qf2 c5 25. Rd3 Qf6 26. Nd1 a5 27. h5 g5 28. Rd5 h6 29. Rf5 Qg7 30. Qe2 a4 31. Qd3 Re5 32. Rxe5 Qxe5 33. a3 Kg7 34. Re1 Qd4 35. Qxd4+ cxd4 36. Nf2 Ne3 37. g4 b4 38. axb4 Rxb4 39. Nd3 Rb8 40. c3 Ng2 41. Rc1 Nh4 42. f4 gxf4 43. cxd4 Nf3 44. Nxf4 a3 45. Nd3 Nd2+ 46. Kc2 Nb3 47. bxa3 Nxc1 48. Kxc1 Rd8 49. Kc2 Kf6 50. Kc3 Kg5 51. Kc4 Kxg4 52. a4 Kxh5 53. e5 d5+ 54. Kb5 Kg4 55. a5 h5 0-1

[Event "CFriend AR-2003-F-00001 email"]
[Site "Chessfriend.com"]
[Date "2004.05.07"]
[Round "1"]
[White "Umansky, Mikhail Markovich"]
[Black "Ernazarov, Nazar Yazdurdyevich"]
[Result "1-0"]
[WhiteElo "2521"]
[BlackElo "2322"]
[PlyCount "73"]
[EventDate "2004.??.??"]
[EventType "tourn (corr)"]
[EventRounds "12"]
[SourceTitle "Corr 2008"]
[Source "ChessBase"]
[SourceDate "2008.06.24"]
[SourceVersion "1"]
[SourceVersionDate "2008.06.24"]
[SourceQuality "1"]

1. d4 d5 2. c4 e6 3. Nf3 Nf6 4. g3 dxc4 5. Bg2 Nc6 6. 0-0 Rb8 7. Nc3 a6 8. e4 Be7 9. Qe2 b5 10. Rd1 Nb4 11. Ne5 Nd7 12. Qg4 g6 13. Bh6 Nxe5 14. dxe5 Nd3 15. Bf1 Qd4 16. Bxd3 cxd3 17. Qf3 Qxe5 18. Bf4 Qg7 19. Qe3 Rb7 20. Bh6 Qe5 21. Rxd3 f6 22. Rad1 Kf7 23. h4 c5 24. Bf4 Qh5 25. Bd6 c4 26. R3d2 b4 27. Na4 Rd8 28. Bxe7 Qxd1+ 29. Rxd1 Rxd1+ 30. Kg2 Rxe7 31. Nb6 Bb7 32. Nxc4 Red7 33. f3 R1d4 34. b3 e5 35. g4 Ke6 36. Qh6 Rf7 37. g5 1-0

[Event "CFriend AR-2003-F-00001 email"]
[Site "Chessfriend.com"]
[Date "2004.05.07"]
[Round "1"]
[White "Umansky, Mikhail Markovich"]
[Black "Savchak, Oleg"]
[Result "1/2-1/2"]
[WhiteElo "2521"]
[BlackElo "2332"]
[PlyCount "98"]
[EventDate "2004.??.??"]
[EventType "tourn (corr)"]
[EventRounds "12"]
[SourceTitle "Corr 2008"]
[Source "ChessBase"]
[SourceDate "2008.06.24"]
[SourceVersion "1"]
[SourceVersionDate "2008.06.24"]
[SourceQuality "1"]

1. d4 d5 2. c4 c6 3. Nf3 Nf6 4. Nc3 e6 5. g3 Nbd7 6. Bg2 dxc4 7. 0-0 Bb4 8. Qc2 0-0 9. a4 a5 10. Rd1 Qe7 11. Ne5 Nxe5 12. dxe5 Nd7 13. Bf4 f5 14. exf6 Nxf6 15. Ne4 e5 16. Be3 Be6 17. Ng5 Bd5 18. Rxd5 cxd5 19. Bxd5+ Kh8 20. Bxc4 h6 21. Ne4 Ng4 22. Bb6 Rac8 23. f3 Qf7 24. b3 Qg6 25. Bf2 Nf6 26. Rd1 Rc6 27. Kg2 Nxe4 28. Qxe4 Qxe4 29. fxe4 Rcf6 30. Be3 Rd6 31. Bd5 Rc8 32. Rf1 b6 33. Rf7 Bc3 34. Kf3 Kh7 35. Kg4 Rg6+ 36. Kf5 Bb2 37. h4 Rxg3 38. Bxb6 Rc1 39. h5 Bc3 40. Ke6 Rh1 41. Ra7 Rxh5 42. Bxa5 Bxa5 43. Rxa5 Rhg5 44. Ra8 h5 45. a5 h4 46. a6 h3 47. Ke7 Rg1 48. Bg8+ Kg6 49. Bf7+ Kh7 1/2-1/2

[Event "CFriend AR-2003-F-00001 email"]
[Site "Chessfriend.com"]
[Date "2004.05.07"]
[Round "1"]
[White "Valderrama, Elmer"]
[Black "Umansky, Mikhail Markovich"]
[Result "1/2-1/2"]
[WhiteElo "2281"]
[BlackElo "2521"]
[PlyCount "52"]
[EventDate "2004.??.??"]
[EventType "tourn (corr)"]
[EventRounds "12"]
[SourceTitle "Corr 2008"]
[Source "ChessBase"]
[SourceDate "2008.06.24"]
[SourceVersion "1"]
[SourceVersionDate "2008.06.24"]
[SourceQuality "1"]

1. e4 g6 2. d4 Bg7 3. Nc3 d6 4. Be3 a6 5. Qd2 b5 6. a4 b4 7. Nce2 Nf6 8. f3 Nc6 9. Ng3 Rb8 10. Bd3 h5 11. h4 Na5 12. N1e2 Nd7 13. f4 c5 14. f5 c4 15. fxg6 cxd3 16. gxf7+ Kxf7 17. Qxd3 Qg8 18. 0-0+ Ke8 19. Nf5 Bf6 20. Nf4 Bb7 21. b3 Rc8 22. Bd2 Nc6 23. Nd5 Bxd4+ 24. Nxd4 Nde5 25. Qe3 Ng4 26. Qd3 Nge5 1/2-1/2

[Event "CFriend AS CFC Simul 002 email"]
[Site "Chessfriend.com"]
[Date "2004.03.07"]
[Round "?"]
[White "Umansky, Mikhail Markovich"]
[Black "Kruse, Hartwig"]
[Result "1/2-1/2"]
[WhiteElo "2527"]
[BlackElo "2522"]
[PlyCount "59"]
[EventDate "2004.??.??"]
[EventType "tourn (corr)"]
[EventRounds "6"]
[SourceTitle "Corr 2008"]
[Source "ChessBase"]
[SourceDate "2008.06.24"]
[SourceVersion "1"]
[SourceVersionDate "2008.06.24"]
[SourceQuality "1"]

1. d4 f5 2. Nf3 Nf6 3. g3 g6 4. Bg2 Bg7 5. 0-0 0-0 6. c4 d6 7. Nc3 Qe8 8. Re1 Qf7 9. Qd3 h6 10. b3 Nc6 11. Ba3 Ne4 12. Rad1 e5 13. dxe5 Nxc3 14. Qxc3 Re8 15. Nd4 Nxd4 16. Qxd4 dxe5 17. Qd2 e4 18. Bb2 b6 19. Bxg7 Kxg7 20. Qd4+ Kh7 21. Rd2 c5 22. Qe3 Rb8 23. Red1 Rb7 24. h4 Rd7 25. Rxd7 Bxd7 26. Qf4 Re7 27. g4 e3 28. g5 exf2+ 29. Kxf2 Qe8 30. Bf3 1/2-1/2

[Event "CFriend AR-2003-Q-00002 email"]
[Site "Chessfriend.com"]
[Date "2003.12.03"]
[Round "1"]
[White "Figlio, Gino Franco"]
[Black "Umansky, Mikhail Markovich"]
[Result "0-1"]
[WhiteElo "2134"]
[BlackElo "2521"]
[PlyCount "62"]
[EventDate "2003.??.??"]
[EventType "tourn (corr)"]
[EventRounds "12"]
[SourceTitle "Corr 2008"]
[Source "ChessBase"]
[SourceDate "2008.06.24"]
[SourceVersion "1"]
[SourceVersionDate "2008.06.24"]
[SourceQuality "1"]

1. e4 g6 2. d4 Bg7 3. Nc3 d6 4. f4 Nf6 5. Nf3 0-0 6. Be3 b6 7. Qe2 Ba6 8. Qd2 Bb7 9. e5 Ng4 10. 0-0-0 c5 11. dxc5 bxc5 12. Bxc5 Nd7 13. Ba3 Ndxe5 14. fxe5 Bh6 15. Ng5 Nxe5 16. h4 f6 17. Nd5 fxg5 18. hxg5 Bg7 19. Qe3 Rf7 20. Bb5 e6 21. Nf6+ Bxf6 22. gxf6 Bd5 23. Rhf1 Qc7 24. Qd4 Rb8 25. Be2 Qc6 26. g4 Rc7 27. Rd2 Nf7 28. b3 a5 29. Re1 Rcb7 30. Kb2 a4 31. Rd3 Rb6 0-1

[Event "CFriend AR-2003-Q-00002 email"]
[Site "Chessfriend.com"]
[Date "2003.12.03"]
[Round "1"]
[White "Tenev, Toncho Spasov"]
[Black "Umansky, Mikhail Markovich"]
[Result "1/2-1/2"]
[WhiteElo "2356"]
[BlackElo "2521"]
[PlyCount "102"]
[EventDate "2003.??.??"]
[EventType "tourn (corr)"]
[EventRounds "12"]
[SourceTitle "Corr 2008"]
[Source "ChessBase"]
[SourceDate "2008.06.24"]
[SourceVersion "1"]
[SourceVersionDate "2008.06.24"]
[SourceQuality "1"]

1. e4 g6 2. d4 Bg7 3. Nc3 d6 4. Nf3 Nf6 5. Be2 0-0 6. 0-0 Bg4 7. Be3 Nc6 8. Qd2 e5 9. d5 Ne7 10. Rad1 Qd7 11. Bg5 Kh8 12. Nxe5 dxe5 13. f3 Bh5 14. d6 Nc6 15. g4 Nxg4 16. fxg4 Bxg4 17. dxc7 Qxd2 18. Rxd2 Be6 19. Nd5 h6 20. Bh4 Rac8 21. c3 f5 22. b4 Rf7 23. b5 Na5 24. b6 axb6 25. Bf2 Nc6 26. Bxb6 Bf8 27. exf5 gxf5 28. Kf2 Bd6 29. Nf4 Bxc7 30. Bxc7 exf4 31. Bxf4 Ra8 32. Bxh6 Rxa2 33. Rxa2 Bxa2 34. h4 Ne5 35. Bf4 Ng6 36. Bd6 Rd7 37. Rd1 Bb3 38. Rd4 Kg8 39. h5 Ne7 40. Be5 Rxd4 41. Bxd4 Bf7 42. Kg3 Nd5 43. Be5 b5 44. Kh4 b4 45. cxb4 Nxb4 46. Kg5 Nc6 47. Bf6 Nb8 48. Kxf5 Nd7 49. Bd4 Nf8 50. Be3 Nh7 51. Bf3 Bb3 1/2-1/2

[Event "CFriend AR-2003-Q-00002 email"]
[Site "Chessfriend.com"]
[Date "2003.12.03"]
[Round "1"]
[White "Thiemann, Frank"]
[Black "Umansky, Mikhail Markovich"]
[Result "0-1"]
[WhiteElo "1802"]
[BlackElo "2521"]
[PlyCount "116"]
[EventDate "2003.??.??"]
[EventType "tourn (corr)"]
[EventRounds "12"]
[SourceTitle "Corr 2008"]
[Source "ChessBase"]
[SourceDate "2008.06.24"]
[SourceVersion "1"]
[SourceVersionDate "2008.06.24"]
[SourceQuality "1"]

1. Nf3 d5 2. c4 d4 3. g3 Nc6 4. Bg2 e5 5. d3 Nf6 6. 0-0 Be7 7. b4 Nxb4 8. Nxe5 0-0 9. Bb2 Qd6 10. Nf3 c5 11. Nbd2 Bg4 12. h3 Bd7 13. a3 Nc6 14. Re1 Rfe8 15. e3 dxe3 16. Rxe3 Bf8 17. Ne4 Nxe4 18. dxe4 Qxd1+ 19. Rxd1 Be6 20. Bf1 Rad8 21. Rxd8 Rxd8 22. Ng5 Bc8 23. Kg2 Rd2 24. Rb3 Na5 25. Rb5 a6 26. Rb6 Be7 27. Bc3 Bxg5 28. Bxa5 Rd4 29. Rb2 Rxe4 30. Bb6 Be7 31. Re2 Rxe2 32. Bxe2 Kf8 33. f4 Bd6 34. a4 Ke7 35. Bf1 Bd7 36. a5 Bc6+ 37. Kf2 Kd7 38. Ke3 Bc7 39. Bxc5 Bxa5 40. Bd4 g6 41. g4 f5 42. Bd3 Ke6 43. gxf5+ gxf5 44. c5 Bd8 45. Be5 Bg2 46. Bc4+ Kd7 47. Kd4 Bh4 48. Bg8 Bf2+ 49. Kc4 Kc6 50. Bxh7 Bf1+ 51. Kc3 Bxh3 52. Bd4 Be1+ 53. Kd3 Bb4 54. Kc4 a5 55. Bg6 Bf1+ 56. Kb3 Kd5 57. Bf2 Bc4+ 58. Ka4 Ke4 0-1

[Event "CFriend AR-2003-Q-00002 email"]
[Site "Chessfriend.com"]
[Date "2003.12.03"]
[Round "1"]
[White "Umansky, Mikhail Markovich"]
[Black "Zeihen, Pascal"]
[Result "1-0"]
[WhiteElo "2521"]
[BlackElo "2300"]
[PlyCount "43"]
[EventDate "2003.??.??"]
[EventType "tourn (corr)"]
[EventRounds "12"]
[SourceTitle "Corr 2008"]
[Source "ChessBase"]
[SourceDate "2008.06.24"]
[SourceVersion "1"]
[SourceVersionDate "2008.06.24"]
[SourceQuality "1"]

1. d4 Nf6 2. c4 e6 3. g3 d5 4. Bg2 dxc4 5. Nf3 a6 6. 0-0 Nc6 7. Nc3 Bb4 8. Qc2 0-0 9. Rd1 Nd5 10. Ng5 g6 11. e4 Nxc3 12. bxc3 Be7 13. h4 b6 14. e5 Bb7 15. Ne4 Na5 16. Bh6 Re8 17. h5 Rb8 18. Qc1 Bd5 19. Qf4 c6 20. Ng5 Rf8 21. Bxd5 cxd5 22. Kg2 1-0

[Event "CFriend AC-2003-Q-00003 email"]
[Site "Chessfriend.com"]
[Date "2003.07.01"]
[Round "?"]
[White "Petrovic, Djordje R"]
[Black "Umansky, Mikhail Markovich"]
[Result "0-1"]
[WhiteElo "2423"]
[BlackElo "2527"]
[PlyCount "96"]
[EventDate "2003.07.01"]
[EventType "tourn (corr)"]
[EventRounds "10"]
[SourceTitle "Corr 2008"]
[Source "ChessBase"]
[SourceDate "2008.06.24"]
[SourceVersion "1"]
[SourceVersionDate "2008.06.24"]
[SourceQuality "1"]

1. e4 g6 2. d4 Bg7 3. Nc3 d6 4. f4 Nf6 5. Nf3 c5 6. dxc5 Qa5 7. Bd3 Qxc5 8. Qe2 0-0 9. Be3 Qa5 10. 0-0 Bg4 11. h3 Bxf3 12. Qxf3 Nc6 13. a3 Nd7 14. Bd2 Rac8 15. Kh1 e6 16. Rad1 Qd8 17. Nb5 Nc5 18. Bc3 a6 19. Bxg7 Kxg7 20. Nc3 Qb6 21. b4 Nxd3 22. Rxd3 Qc7 23. Rfd1 Rfd8 24. Qg3 Ne7 25. Qh4 h6 26. Rf1 Rf8 27. f5 Nc6 28. Rg3 Ne5 29. f6+ Kh7 30. Rf4 g5 31. Rxg5 Rg8 32. Rxg8 Rxg8 33. Qe1 Qb6 34. Nd1 Qd4 35. a4 Qa1 36. a5 Qb1 37. Qd2 Nc4 38. Qe2 Nb2 39. Rf1 Nxd1 40. Rxd1 Qxb4 41. c4 Qxa5 42. Rxd6 Qa1+ 43. Rd1 Qxf6 44. e5 Qh4 45. c5 Rg3 46. Rf1 Qe7 47. Qf2 Rg7 48. Qd4 Kg8 0-1

[Event "CFriend AC-2003-Q-00003 email"]
[Site "Chessfriend.com"]
[Date "2003.07.01"]
[Round "?"]
[White "Umansky, Mikhail Markovich"]
[Black "Grkinic, Goran"]
[Result "1-0"]
[WhiteElo "2519"]
[BlackElo "2045"]
[PlyCount "125"]
[EventDate "2003.07.01"]
[EventType "tourn (corr)"]
[EventRounds "10"]
[SourceTitle "Corr 2008"]
[Source "ChessBase"]
[SourceDate "2008.06.24"]
[SourceVersion "1"]
[SourceVersionDate "2008.06.24"]
[SourceQuality "1"]

1. d4 Nf6 2. c4 e6 3. g3 d5 4. Bg2 Be7 5. Nf3 0-0 6. 0-0 dxc4 7. Qc2 a6 8. a4 Bd7 9. Qxc4 Bc6 10. Bg5 Bd5 11. Qd3 Be4 12. Qe3 Nbd7 13. Nc3 Bc6 14. Qd3 Bb4 15. Rfe1 h6 16. Bf4 Rc8 17. Qc2 b6 18. e4 Bb7 19. Rad1 Re8 20. Ne5 Nxe5 21. Bxe5 Nd7 22. Bf4 Qe7 23. Re2 c5 24. d5 Bxc3 25. d6 Qf6 26. bxc3 e5 27. Be3 Bc6 28. f3 a5 29. c4 Qe6 30. h4 Red8 31. Red2 Rb8 32. Kh2 Nf8 33. f4 Qe8 34. Ra1 Nd7 35. f5 Nf6 36. Bf3 Qd7 37. g4 Qb7 38. Rd5 Bxd5 39. cxd5 h5 40. g5 Ng4+ 41. Bxg4 hxg4 42. Rb1 Rxd6 43. Kg3 Qd7 44. Rb5 g6 45. f6 Kh7 46. Qc4 Re8 47. Bd2 Qc7 48. Bc3 Rdd8 49. Kxg4 Qd6 50. Kg3 Rh8 51. Rb1 Ra8 52. Rb5 Rad8 53. Rb2 Ra8 54. Rb1 Rhe8 55. Rh1 Rh8 56. Qf1 Qd7 57. Qf3 Kg8 58. h5 Rxh5 59. Rxh5 gxh5 60. Qxh5 Qd6 61. Qh6 Qf8 62. Qxf8+ Rxf8 63. Kg4 1-0

[Event "CFriend AC-2003-Q-00003 email"]
[Site "Chessfriend.com"]
[Date "2003.07.01"]
[Round "?"]
[White "Umansky, Mikhail Markovich"]
[Black "Thurlow, Kevin J"]
[Result "1-0"]
[WhiteElo "2654"]
[BlackElo "2150"]
[PlyCount "81"]
[EventDate "2003.07.01"]
[EventType "tourn (corr)"]
[EventRounds "10"]
[SourceTitle "Corr 2008"]
[Source "ChessBase"]
[SourceDate "2008.06.24"]
[SourceVersion "1"]
[SourceVersionDate "2008.06.24"]
[SourceQuality "1"]

1. d4 Nf6 2. c4 e6 3. g3 d5 4. Bg2 c6 5. Nf3 Be7 6. 0-0 0-0 7. b3 Nbd7 8. Bb2 Ne4 9. Nc3 f5 10. Qc2 Qe8 11. Ne1 Qh5 12. Nd3 Qh6 13. Rad1 b6 14. f3 Nxc3 15. Qxc3 Ba6 16. e4 dxc4 17. bxc4 c5 18. d5 exd5 19. exd5 Bf6 20. Qc1 Qxc1 21. Rxc1 Rae8 22. Bxf6 Rxf6 23. Rfd1 Rd6 24. f4 Re2 25. a4 Kf8 26. Bf1 Ra2 27. Ne5 Nxe5 28. fxe5 Rh6 29. a5 Rhxh2 30. axb6 axb6 31. Ra1 Ke7 32. Rxa2 Rxa2 33. d6+ Kd8 34. e6 Bb7 35. Rb1 Ra6 36. Bg2 Bxg2 37. Kxg2 g5 38. g4 f4 39. Rb5 Kc8 40. Kf3 Kd8 41. Ke4 1-0